000 00331nam a2200145Ia 4500
008 221030s9999 xx 000 0 und d
041 _aEnglish
082 _a105.23
_bWai
100 _aM. Waite
245 0 _aComputer Graphics Primer
260 _bHoward & Wams
_aUSA
_c1983
300 _a184
650 _aBE Computer
942 _cBK
999 _c974
_d974